000 00326nam a2200133Ia 4500
008 210210b1972 xxu||||| |||| 00| 0 eng d
082 _a152.4 RICL
100 _aRICHARDSON (Edward).
245 _aLove yourself.
260 _aAllahabad
_bBetter yourself books
_c1972
300 _a72
690 _aPsychology
906 _a030534
999 _c81826
_d81826